PowerPoint 2007

Αποθηκεύτηκε σε:
Λεπτομέρειες βιβλιογραφικής εγγραφής
Συγγραφή απο Οργανισμό/Αρχή: Δημοσιογραφικός Οργανισμός Λαμπράκη
Άλλοι συγγραφείς: Ασημακόπουλος, Ζ.
Μορφή: Βιβλίο
Γλώσσα:Greek
Δημοσίευση: Αθήνα : Δημοσιογραφικός Οργανισμός Λαμπράκη, 2007.
Σειρά:Microsoft Windows (Computer file) ; 3
Θέματα:
Ετικέτες: Προσθήκη ετικέτας
Δεν υπάρχουν, Καταχωρήστε ετικέτα πρώτοι!

MARC

LEADER 00000cam a2200000 i 4500
001 1/42986
008 070403s2007 gr | ||| |||| ||gre||
035 |l 10087493 
040 |a GR-MyUA  |b gre  |e AACR2 
041 0 |a gre 
082 0 |a 006.6869  |2 (22) 
245 1 0 |a PowerPoint 2007 /   |c Ζ. Ασημακόπουλος ...[κ. ά.].  
260 |a Αθήνα :   |b Δημοσιογραφικός Οργανισμός Λαμπράκη,   |c 2007.  
300 |a 312 σ. :   |b εικ. ;   |c 23 εκ.  
490 1 |a (Windows Vista Office 2007   |v ; 3)  
500 |a Διανέμεται με το περιοδικό RAM Μαρτίου 2007.  
630 0 0 |a Microsoft PowerPoint (Computer file) 
650 0 0 |a Microsoft software. 
650 0 0 |a Presentation graphics software. 
700 1 |a Ασημακόπουλος, Ζ. 
710 2 |a Δημοσιογραφικός Οργανισμός Λαμπράκη. 
830 0 |a Microsoft Windows (Computer file)  |v  ; 3 
852 |a INST  |b CHIOS  |e 20070403  |h 005.58 POW  |p 005200029001  |q 005200029001  |t BK  |y 0  |z τ.3 
852 |a INST  |b CHIOS  |e 20070403  |h 005.58 POW  |p 005200029001  |q 005200029001  |t BK  |v τ.3:  |y 0  |z τ.3 
852 |a INST  |b LESVOS  |e 20070613  |h 005.58 POW  |p 005100037228  |q 005100037228  |t BK  |y 0  |z ??? 
852 |a INST  |b LESVOS  |e 20070613  |h 005.58 POW  |p 005100037228  |q 005100037228  |t BK  |v τ.3:  |y 0  |z ??? 
852 |a INST  |b SAMOS  |e 20070510  |h 006.6869 POW  |p 005300026386  |q 005300026386  |t BK  |y 0  |z ??? 
852 |a INST  |b SAMOS  |e 20070510  |h 006.6869 POW  |p 005300026386  |q 005300026386  |t BK  |v τ.3:  |y 0  |z ??? 
853 |a INST  |b CHIOS  |h 005.58 POW 
853 |a INST  |b LESVOS  |h 005.58 POW 
853 |a INST  |b SAMOS  |h 006.6869 POW 
901 |a BIBL3-2007-2 
901 |a BIBL2-2007-1 
901 |a BIBL1-2007-2 
909 |a Σ  |b 125082 
909 |a Χ  |b 130980 
909 |a Λ  |b 118664 
970 |a ΒΑΣΙΛΑΚΗ  |b ΝΙΚΗ  |z 2007/04/03